Statistics for Gotta be you by high school musical (all lyrics)

Click here to take the quiz!

General Stats

  • This quiz has been taken 2 times
  • The average score is 219 of 255

Answer Stats

Answer% Correct
a
100%
aint
100%
and
100%
away
100%
be
100%
by
100%
can
100%
cause
100%
disappointed
100%
else
100%
eyes
100%
fade
100%
girl
100%
going
100%
gotta
100%
hear
100%
here
100%
i
100%
if
100%
ill
100%
im
100%
in
100%
is
100%
it
100%
its
100%
know
100%
more
100%
no
100%
nobody
100%
oh
100%
one
100%
only
100%
scared
100%
see
100%
side
100%
the
100%
there
100%
time
100%
try
100%
walk
100%
we
100%
where
100%
you
100%
your
100%
youre
100%
actions
50%
all
50%
almost
50%
am
50%
anointed
50%
apart
50%
asking
50%
but
50%
chance
50%
crying
50%
deserves
50%
dont
50%
enough
50%
fall
50%
fears
50%
foolish
50%
for
50%
had
50%
heard
50%
heart
50%
how
50%
innocence
50%
louder
50%
made
50%
me
50%
mess
50%
now
50%
resemble
50%
rewind
50%
speak
50%
stop
50%
tape
50%
than
50%
that
50%
this
50%
to
50%
tore
50%
trembles
50%
upon
50%
voice
50%
was
50%
what
50%
who
50%
with
50%
woman
50%
world
50%
youve
50%
about
0%
better
0%
break
0%
from
0%
make
0%
when
0%
wordsand
0%

Score Distribution

Percentile by Number Answered

Percent of People with Each Score

Your Score History

You have not taken this quiz